<?xml version="1.0" encoding="UTF-8"?>
<record
    xmlns:xsi="http://www.w3.org/2001/XMLSchema-instance"
    xsi:schemaLocation="http://www.loc.gov/MARC21/slim http://www.loc.gov/standards/marcxml/schema/MARC21slim.xsd"
    xmlns="http://www.loc.gov/MARC21/slim">

  <leader>02381nam a22002897a 4500</leader>
  <controlfield tag="005">20240203105105.0</controlfield>
  <controlfield tag="008">240203b           ||||| |||| 00| 0 eng d</controlfield>
  <datafield tag="020" ind1=" " ind2=" ">
    <subfield code="a">9789356060128</subfield>
  </datafield>
  <datafield tag="040" ind1=" " ind2=" ">
    <subfield code="c">AL</subfield>
  </datafield>
  <datafield tag="041" ind1=" " ind2=" ">
    <subfield code="a">eng</subfield>
  </datafield>
  <datafield tag="082" ind1=" " ind2=" ">
    <subfield code="2">23</subfield>
    <subfield code="a">338.5</subfield>
    <subfield code="b">PINM</subfield>
  </datafield>
  <datafield tag="100" ind1=" " ind2=" ">
    <subfield code="a">Robert S Pindyck and others</subfield>
    <subfield code="9">149599</subfield>
  </datafield>
  <datafield tag="245" ind1=" " ind2=" ">
    <subfield code="a">Microeconomics </subfield>
  </datafield>
  <datafield tag="250" ind1=" " ind2=" ">
    <subfield code="a">9</subfield>
  </datafield>
  <datafield tag="260" ind1=" " ind2=" ">
    <subfield code="a">Chennai</subfield>
    <subfield code="b">Pearson</subfield>
    <subfield code="c">2024</subfield>
  </datafield>
  <datafield tag="300" ind1=" " ind2=" ">
    <subfield code="a">xxviiii,756p.</subfield>
    <subfield code="b">PB</subfield>
    <subfield code="c">25x20cm.</subfield>
  </datafield>
  <datafield tag="365" ind1=" " ind2=" ">
    <subfield code="2">Economics</subfield>
    <subfield code="a">7520</subfield>
    <subfield code="b">760.00</subfield>
    <subfield code="c">&#x20B9;</subfield>
    <subfield code="d">950.00</subfield>
    <subfield code="e">20%</subfield>
    <subfield code="f">01-02-2024</subfield>
  </datafield>
  <datafield tag="520" ind1=" " ind2=" ">
    <subfield code="a">Microeconomics, 9e provides an exciting and dynamic approach to how microeconomics can help us to understand what goes on in the world and how it can be used as a practical tool for decision making. To facilitate classroom learning needs, this edition provides a treatment of microeconomic theory that stresses its relevance and application to both managerial and public policy decision making. This applied emphasis is accomplished by including examples that cover such topics as the analysis of demand, cost, and market efficiency; the design of pricing strategies; investment and production decisions; and public policy analysis.
The book also covers new topics that have come to play a central role in microeconomics over the years, such as game theory and competitive strategy, the roles of uncertainty and information, and the analysis of pricing by firms with market power. The coverage in the book is comprehensive and up-to-date as well as lively and engaging for students with a broad range of academic backgrounds
1.)New chapter (Chapter 19) on behavioral economics
2.)Inclusion of latest examples such as the entry of &#x201C;ride-share&#x201D; services like Uber and Lyft, Tesla&#x2019;s new battery factory, and many others
3.)Introduces the Gross National Happiness Index as an alternative paradigm for development
4.)Includes Indian examples such as &#x2018;a glimpse into Indian Carpet Industry&#x2019;, &#x2018;McDonalds menu in India&#x2019; to demonstrate bundling pricing policy, Inequality in the labor market in light of the Indian perspective&#x2019;</subfield>
  </datafield>
  <datafield tag="650" ind1=" " ind2=" ">
    <subfield code="a">Markets and Prices</subfield>
    <subfield code="9">149565</subfield>
  </datafield>
  <datafield tag="650" ind1=" " ind2=" ">
    <subfield code="a">Supply and Demand</subfield>
    <subfield code="9">149566</subfield>
  </datafield>
  <datafield tag="650" ind1=" " ind2=" ">
    <subfield code="a">Consumer Behaviour</subfield>
    <subfield code="9">149567</subfield>
  </datafield>
  <datafield tag="650" ind1=" " ind2=" ">
    <subfield code="a">Behavioral Economics</subfield>
    <subfield code="9">149568</subfield>
  </datafield>
  <datafield tag="700" ind1=" " ind2=" ">
    <subfield code="a">PINDYCK (Robert S)</subfield>
    <subfield code="9">149569</subfield>
  </datafield>
  <datafield tag="700" ind1=" " ind2=" ">
    <subfield code="a">RUBINFELD (Daniel L)</subfield>
    <subfield code="9">149570</subfield>
  </datafield>
  <datafield tag="700" ind1=" " ind2=" ">
    <subfield code="a">BANERJEE (Sreejata) </subfield>
    <subfield code="9">149571</subfield>
  </datafield>
  <datafield tag="942" ind1=" " ind2=" ">
    <subfield code="2">ddc</subfield>
    <subfield code="c">BK</subfield>
  </datafield>
  <datafield tag="999" ind1=" " ind2=" ">
    <subfield code="c">229720</subfield>
    <subfield code="d">229720</subfield>
  </datafield>
  <datafield tag="952" ind1=" " ind2=" ">
    <subfield code="0">0</subfield>
    <subfield code="1">0</subfield>
    <subfield code="2">ddc</subfield>
    <subfield code="4">0</subfield>
    <subfield code="7">0</subfield>
    <subfield code="8">ECO</subfield>
    <subfield code="a">AL</subfield>
    <subfield code="b">AL</subfield>
    <subfield code="d">2024-02-02</subfield>
    <subfield code="e">Biblios Book Point Surathkal Mangalore 575014</subfield>
    <subfield code="g">760.00</subfield>
    <subfield code="l">0</subfield>
    <subfield code="o">338.5 PINM</subfield>
    <subfield code="p">077082</subfield>
    <subfield code="r">2024-02-03 00:00:00</subfield>
    <subfield code="v">950.00</subfield>
    <subfield code="w">2024-02-03</subfield>
    <subfield code="y">BK</subfield>
  </datafield>
</record>
